| 000 | 00713cam a2200241 i 4500 | ||
|---|---|---|---|
| 001 | 12000 | ||
| 003 | BD-RjUL | ||
| 005 | 20211208235223.0 | ||
| 008 | 140127s1979 bg 000 0 eng | ||
| 035 | _a(BD-RjUL)12049 | ||
| 040 |
_aDLC _cDLC _dBD-RjUL _beng |
||
| 041 | _aeng | ||
| 082 | 0 | 0 |
_a954.92 _219 _bKAA 1979 |
| 100 | 1 |
_aKarim, Anwarul _d1939- _937197 |
|
| 245 | 1 | 0 |
_aAborigines of Kushtia : _ba study on cultural anthropology / _cAnwarul Karim. |
| 260 |
_aKushtia : _bFolklore Research Institute, _c1979. |
||
| 300 |
_a61 p. ; _c23 cm. |
||
| 650 | 0 |
_aEthnology _zBangladesh _zKushtia. _937198 |
|
| 651 | 0 |
_aKushtia (Bangladesh) _937199 |
|
| 942 |
_2ddc _cBK |
||
| 999 |
_c12000 _d12000 |
||